[Event "Leipzig VfB op 18th"]
[Site "Leipzig"]
[Date "2011.03.27"]
[Round "9"]
[White "Lindner, Heiko"]
[Black "Schmiedek, Jens"]
[Result "1/2-1/2"]
[WhiteElo "1943"]
[BlackElo "1800"]
[PlyCount "35"]
[EventDate "2011.03.20"]
[EventType "swiss"]
[EventRounds "9"]
[EventCountry "GER"]
[SourceTitle "CBM 141 Extra"]
[Source "ChessBase"]
[SourceDate "2011.05.03"]
[SourceVersion "1"]
[SourceVersionDate "2011.05.03"]
[SourceQuality "1"]

1. d4 c6 2. c4 d5 3. e3 Nf6 4. Nc3 a6 5. Nf3 e6 6. Bd3 dxc4 7. Bxc4 Nbd7 8. 0-0 Bd6 9. e4 Be7 10. Bg5 h6 11. Be3 0-0 12. h3 b5 13. Bd3 Bb7 14. a3 c5 15. d5 exd5 16. exd5 Nxd5 17. Nxd5 Bxd5 18. Re1 1/2-1/2

[Event "Leipzig VfB op 18th"]
[Site "Leipzig"]
[Date "2011.03.25"]
[Round "6"]
[White "Keil, Michael"]
[Black "Lindner, Heiko"]
[Result "0-1"]
[WhiteElo "1513"]
[BlackElo "1943"]
[PlyCount "58"]
[EventDate "2011.03.20"]
[EventType "swiss"]
[EventRounds "9"]
[EventCountry "GER"]
[SourceTitle "CBM 141 Extra"]
[Source "ChessBase"]
[SourceDate "2011.05.03"]
[SourceVersion "1"]
[SourceVersionDate "2011.05.03"]
[SourceQuality "1"]

1. d4 f5 2. e4 fxe4 3. f3 d5 4. Nc3 Nf6 5. Bg5 exf3 6. Nxf3 g6 7. Qd2 Bg7 8. 0-0-0 0-0 9. Bh6 Bg4 10. Be2 c6 11. h3 Bxf3 12. Bxf3 Nbd7 13. h4 e5 14. Bg5 e4 15. Be2 Qe8 16. Qe3 h5 17. Rdg1 Qe6 18. Nd1 Ng4 19. Bxg4 Qxg4 20. Nf2 Qf5 21. Rf1 Rf7 22. Nh3 Qe6 23. Nf4 Qd6 24. g4 Raf8 25. gxh5 gxh5 26. c3 Bh6 27. Rhg1 Kh7 28. Qg3 Rxf4 29. Rxf4 Bxg5 0-1

[Event "Leipzig VfB op 18th"]
[Site "Leipzig"]
[Date "2011.03.23"]
[Round "3"]
[White "Lindner, Heiko"]
[Black "Bronn, Gottfried"]
[Result "0-1"]
[WhiteElo "1943"]
[BlackElo "1712"]
[PlyCount "112"]
[EventDate "2011.03.20"]
[EventType "swiss"]
[EventRounds "9"]
[EventCountry "GER"]
[SourceTitle "CBM 141 Extra"]
[Source "ChessBase"]
[SourceDate "2011.05.03"]
[SourceVersion "1"]
[SourceVersionDate "2011.05.03"]
[SourceQuality "1"]

1. d4 Nf6 2. c4 e6 3. Nc3 d5 4. Nf3 c5 5. e3 Nc6 6. cxd5 exd5 7. Bb5 a6 8. Bxc6+ bxc6 9. dxc5 Bxc5 10. 0-0 0-0 11. h3 Qc7 12. Qc2 Ba7 13. Rd1 Rd8 14. b3 Bb7 15. Bb2 Qe7 16. Ne2 Rac8 17. Ned4 g6 18. Rac1 Ne4 19. Nd2 Nf6 20. Qc3 Rd6 21. N4f3 c5 22. Re1 Qd8 23. Ne5 d4 24. exd4 cxd4 25. Qd3 Rc3 26. Qf1 Rxc1 27. Rxc1 Re6 28. Nd3 Ne4 29. Nxe4 Rxe4 30. Re1 Qe7 31. Rc1 a5 32. Qd1 Re2 33. Kf1 Re4 34. Rc2 Ba6 35. Re2 f5 36. Qc2 h5 37. Bc1 h4 38. f3 Re6 39. Rxe6 Qxe6 40. Bg5 Qe8 41. Qd2 Bc5 42. Bxh4 Bf8 43. Kf2 Bg7 44. Nc5 Bb5 45. Bg5 Qe5 46. Nd3 Qc7 47. Bf4 Qb6 48. Qc2 Qd8 49. Qd2 Bf6 50. Be5 Bxe5 51. Nxe5 d3 52. Nxg6 Qb6+ 53. Kf1 Qxg6 54. g4 f4 55. Kf2 Qb6+ 56. Ke1 Qg1# 0-1